| 000 | 00727nam a2200241 a 4500 | ||
|---|---|---|---|
| 001 | 000011669 | ||
| 005 | 20200929162525.0 | ||
| 008 | 091022s2000 sp 001 f spa d | ||
| 020 | _a8420700312 | ||
| 040 |
_aDO-SdBNP _bspa _cBNPHU |
||
| 082 |
_a863.7 _bC146v |
||
| 100 | 1 |
_aCalderón, Emilio, _d1960- _927664 |
|
| 245 | 1 | 0 |
_aVértigo / _cEmilio Calderón. |
| 260 |
_aMadrid : _bAnaya, _c2000. |
||
| 300 |
_a140, [3] p. ; _c23 cm. |
||
| 490 | 1 | _aEspacio Abierto | |
| 500 | _aIncluye notas al pie de las páginas | ||
| 500 | _aIncluye títulos de la colección, p. [141-143] | ||
| 650 | 4 |
_aNovela española _91123 |
|
| 650 | 4 |
_aLiteratura española _ySIGLO XXI _94846 |
|
| 830 | 0 |
_aEspacio Abierto _921453 |
|
| 049 | _aBNGR | ||
| 999 |
_c11356 _d11356 |
||